000 ncm a22 a 4500
999 _c349934
_d349934
003 BLK
005 20201007040656.0
008 200330b bu ||||| |||| 00| 0 bu d
040 _aBLK
041 _aBUL
_cBUL
080 _aМузика за духови инструменти
_b788
_x(497.2)
_z788(497.2)
100 _aКараиванов, Стоян Иванов
_eпърви автор
_91299
139 _aКараиванов, Стоян Иванов
_bК 31
245 _aЕтюди за валдхорна [Нотирана музика]
_bВърху теми от оркестрови произведения
_cСтоян Караиванов
260 _9209548
_aСофия
_bНаука и изкуство
_c1974
300 _a40 с.
_c32 см
_bс ноти
380 _a7
500 _aСъдържа: 21 етюда
852 _aМ ІІ 6609
942 _cNOT
_n0
_s1
944 _aCR
_c2020-03-30
_l2020-03-30
999 _d349931